000 00776nam a2200241 i 4500
003 DO-SdBNP
005 20240408150659.0
007 ta
008 240408s2002 dr ac 000 j spa d
040 _aDO-SdBNP
_bspa
_cBNPHU
_erda
082 _bC577
_222
100 1 _aCiprián Ogando, Cornelio,
_d1959-
_928839
_eautor
245 1 0 _aSan Juan en versos y alma /
_cCornelio Ciprián Ogando
264 1 _aSanto Domingo :
_bEtereas,
_c2002.
300 _a23 páginas,
_bilustraciones, retratos
_c22 cm.
336 _2rdacontent
_atexto
_btxt
337 _2rdamedia
_asin mediación
_bn
338 _2rdacarrier
_avolumen
_bnc
500 _aIncluye datos biográficos del autor en la contraportada.
590 _aInventariado, 2024/ YL
910 _aYLockward
942 _2ddc
_cLF2
999 _c56288
_d56288